Ley de Propiedad en Condominio de Inmuebles para el Distrito Federal /

Serie que divulga legislación para el Distrito Federal en versiones ilustradas y muy sintetizadas.

Guardado en:
Detalles Bibliográficos
Autor corporativo: México (D.F.)
Otros autores: Rocha, Gonzalo (ilustración y versión) (ilustración y versión)
Formato: Libro
Idioma:Español
Colección:(85 [i.e. Ochenta y cinco] Leyes en 2 Años)
Temas:
Etiquetas: Agrega una etiqueta
Sin etiquetas, Sé el primero en etiquetar este registro!

MARC

LEADER 00000nam^a2200000^a^4500
001 000326931
005 20250521000000.0
008 121217
009 20260310113822.658
037 |a Acervo ITESO - Biblioteca 
041 |a ESP 
082 |a 348. 7253  |b DF OCH V. 1 
110 |a México (D.F.) 
240 1 1 |a [Leyes, etc.] 
240 1 1 |a [Ley de Propiedad en Condominio de Inmuebles para el Distrito Federal] 
245 1 0 |a Ley de Propiedad en Condominio de Inmuebles para el Distrito Federal /  |c México (D.F.) ; il. y versión de G. Rocha. 
264 |a México :  |b Gobierno del Distrito Federal, Asamblea Legislativa, I Legislatura,  |c fecha no identificada 
300 |a 1 folleto (18 p.) 
336 |a texto  |b txt  |2 rdacontenido 
337 |a sin mediación  |b n  |2 rdamedio 
338 |a volumen  |b nc  |2 rdasoporte 
440 1 |a (85 [i.e. Ochenta y cinco] Leyes en 2 Años) 
520 |a Serie que divulga legislación para el Distrito Federal en versiones ilustradas y muy sintetizadas. 
649 |a XX 
650 |a Departamentos -  |z México (D.F.) -  |x Leyes y Reglamentos 
650 |a Condominios -  |z México (D.F.) -  |x Leyes y Reglamentos -  |x Tema Principal 
650 |a Vivienda -  |z México (D.F.) -  |x Leyes y Reglamentos 
650 |a Bienes Inmuebles -  |z México (D.F.) -  |x Leyes y Reglamentos 
650 |a Derecho de Propiedad -  |z México (D.F.) -  |x Leyes y Reglamentos 
650 |a Derecho de Propiedad -  |z México -  |x Leyes y Reglamentos 
650 |a Derecho Patrimonial -  |z México (D.F.) -  |x Leyes y Reglamentos 
650 |a Derecho Patrimonial -  |z México -  |x Leyes y Reglamentos 
650 |a Derecho Civil -  |z México (D.F.) -  |x Leyes y Reglamentos 
650 |a Derecho Civil -  |z México -  |x Leyes y Reglamentos 
650 |a Derecho Privado -  |z México (D.F.) -  |x Leyes y Reglamentos 
650 |a Derecho Privado -  |z México -  |x Leyes y Reglamentos 
650 |a México (D.F.) -  |x Leyes y Reglamentos 
650 |a México -  |x Leyes y Reglamentos 
700 |a Rocha, Gonzalo  |e (ilustración y versión) 
910 |a Fondo General 
920 |a Impresos - Libros 
930 |a Colección General 
905 |a 101 
901 |a 0500215700  |b IT2  |c FOL  |i D47416  |u 20250521 
902 |a https://opac.biblio.iteso.mx/vufind/Record/000326931